000 00291nam a22001337a 4500
008 170130b xxu||||| |||| 00| 0 eng d
020 _a9780393307757
041 _aeng
080 _a61
100 _a3
101 _aSHMI
245 _aNEUROSIS AND HUMAN GROWTH
_cHORNEY, K
942 _2udc
_cBK
999 _c3995
_d3995